| Поле | Название | Значение |
| |
Тип записи |
a |
| |
Библиографический уровень |
m |
| 001 |
Контрольный номер |
RU/URAIT/583659 |
| 005 |
Дата корректировки |
20260429163619.8 |
| 008 |
Кодируемые данные |
260429s2026 RU y f j 000 0 rus u |
| 020 |
Индекс ISBN |
__ |
| a |
ISBN |
978-5-534-02502-6 |
| c |
Цена, тираж |
1559.00 |
| 040 |
Источник каталогиз. |
__ |
| a |
Служба первич. каталог. |
ИКО Юрайт |
| c |
Служба, преобразующая запись |
ИКО Юрайт |
| e |
Правила каталог. |
RCR |
| 041 |
Код языка издания |
__ |
| a |
Код языка текста |
rus |
| 044 |
Код страны публикации |
__ |
| a |
Код страны публикации |
RU |
| 080 |
Индекс УДК |
__ |
| a |
Индекс УДК |
541.18(075.8) |
| 084 |
Индекс другой классификации/Индекс ББК |
__ |
| 2 |
Источник индекса |
rubbk |
| a |
Индекс другой классификации/Индекс ББК |
24.6я73 |
| 100 |
Автор |
__ |
| a |
Автор |
Гавронская Ю. Ю. |
| q |
Полное имя |
Гавронская Юлия Юрьевна |
| 245 |
Заглавие |
__ |
| a |
Заглавие |
Коллоидная химия |
| b |
Продолж. заглавия |
учебник и практикум для вузов |
| c |
Ответственность |
Ю. Ю. Гавронская, В. Н. Пак. |
| 256 |
Характеристики компьютерного файла |
__ |
| a |
Характеристики компьютерного файла |
Электрон. дан. |
| 260 |
Выходные данные |
__ |
| a |
Место издания |
Москва |
| b |
Издательство |
Юрайт |
| c |
Дата издания |
2026 |
| 300 |
Физическое описание |
__ |
| a |
Объем |
287 с |
| 440 |
Серия |
__ |
| a |
Серия |
Высшее образование |
| 500 |
Примечания |
__ |
| a |
Примечание |
URL: https://urait.ru/bcode/583659 (дата обращения: 29.04.2026). |
| 520 |
Аннотация |
__ |
| a |
Аннотация |
Учебник представляет собой современную учебную книгу, содержащую теоретические основы курса, практические примеры и практикум. В издании рассмотрены особенности коллоидного (дисперсного) состояния вещества, причины возникновения и особенности проявления поверхностных явлений, образование, устойчивость и методы изучения дисперсных систем, их место в природе, технике и повседневной жизни человека. Содержание структурировано по главам с нелинейным изложением учебного материала. |
| 538 |
Прим. о системных особенностях |
__ |
| a |
Прим. о системных особенностях |
Режим доступа: Электронно-библиотечная система Юрайт, для авториз. пользователей |
| 653 |
Ключевые слова |
__ |
| a |
Ключевые слова |
Общая химия |
| 653 |
Ключевые слова |
__ |
| a |
Ключевые слова |
Естественные науки |
| 653 |
Ключевые слова |
__ |
| a |
Ключевые слова |
Органическая, биологическая и физколлоидная химия |
| 653 |
Ключевые слова |
__ |
| a |
Ключевые слова |
Коллоидная химия |
| 653 |
Ключевые слова |
__ |
| a |
Ключевые слова |
Физколлоидная химия |
| 653 |
Ключевые слова |
__ |
| a |
Ключевые слова |
Физическая и коллоидная химия |
| 653 |
Ключевые слова |
__ |
| a |
Ключевые слова |
Поверхностные явления и дисперсные системы |
| 653 |
Ключевые слова |
__ |
| a |
Ключевые слова |
Органическая и физколлоидная химия |
| 653 |
Ключевые слова |
__ |
| a |
Ключевые слова |
Общая химия, физическая и коллоидная химия |
| 653 |
Ключевые слова |
__ |
| a |
Ключевые слова |
Общая, физическая, коллоидная химия |
| 653 |
Ключевые слова |
__ |
| a |
Ключевые слова |
Коллоидно-дисперсное состояние в природе |
| 653 |
Ключевые слова |
__ |
| a |
Ключевые слова |
Коллоидно-дисперсные состояния в природе |
| 653 |
Ключевые слова |
__ |
| a |
Ключевые слова |
Актуальные проблемы физколлоидной химии |
| 653 |
Ключевые слова |
__ |
| a |
Ключевые слова |
Методика решения задач по физколлоидной химии в школьной химии |
| 653 |
Ключевые слова |
__ |
| a |
Ключевые слова |
Неорганическая и физколлоидная химия |
| 653 |
Ключевые слова |
__ |
| a |
Ключевые слова |
Химия физическая и коллоидная |
| 653 |
Ключевые слова |
__ |
| a |
Ключевые слова |
Коллоидная химия и химия ВМС |
| 653 |
Ключевые слова |
__ |
| a |
Ключевые слова |
Органическая, физическая и коллоидная химия |
| 653 |
Ключевые слова |
__ |
| a |
Ключевые слова |
Химия биологическая с основами физколлоидной |
| 653 |
Ключевые слова |
__ |
| a |
Ключевые слова |
Химия органическая, физическая и коллоидная |
| 653 |
Ключевые слова |
__ |
| a |
Ключевые слова |
Физическая и коллоидная химия, высокомолекулярные соединения |
| 653 |
Ключевые слова |
__ |
| a |
Ключевые слова |
Органическая и физическая коллоидная химия |
| 653 |
Ключевые слова |
__ |
| a |
Ключевые слова |
Основы физической и коллоидной химии |
| 653 |
Ключевые слова |
__ |
| a |
Ключевые слова |
Поверхностные явления дисперсные системы |
| 653 |
Ключевые слова |
__ |
| a |
Ключевые слова |
Химия красителей |
| 653 |
Ключевые слова |
__ |
| a |
Ключевые слова |
Адсорбция и адсорбционные процессы |
| 653 |
Ключевые слова |
__ |
| a |
Ключевые слова |
Химия физколлоидная |
| 653 |
Ключевые слова |
__ |
| a |
Ключевые слова |
Биологическая и физколлоидная химия |
| 653 |
Ключевые слова |
__ |
| a |
Ключевые слова |
Основы коллоидной химии |
| 653 |
Ключевые слова |
__ |
| a |
Ключевые слова |
Поверхностные явления в технологии дисперсных систем |
| 653 |
Ключевые слова |
__ |
| a |
Ключевые слова |
Химия поверхностных явлений и адсорбция |
| 653 |
Ключевые слова |
__ |
| a |
Ключевые слова |
Расчет адсорбции и состава поверхностного слоя |
| 653 |
Ключевые слова |
__ |
| a |
Ключевые слова |
Физическая химия и коллоидная химия |
| 653 |
Ключевые слова |
__ |
| a |
Ключевые слова |
Химия органическая и физколлоидная |
| 653 |
Ключевые слова |
__ |
| a |
Ключевые слова |
Основы адсорбции |
| 653 |
Ключевые слова |
__ |
| a |
Ключевые слова |
Дисперсные системы и поверхностные явления |
| 653 |
Ключевые слова |
__ |
| a |
Ключевые слова |
Адсорбция и поверхностные явления |
| 653 |
Ключевые слова |
__ |
| a |
Ключевые слова |
Органическая, физколлоидная химия |
| 653 |
Ключевые слова |
__ |
| a |
Ключевые слова |
Химия поверхности и адсорбция |
| 653 |
Ключевые слова |
__ |
| a |
Ключевые слова |
Коллоидная химия. Общие вопросы |
| 653 |
Ключевые слова |
__ |
| a |
Ключевые слова |
Коллоидная химия поверхностно-активных веществ |
| 653 |
Ключевые слова |
__ |
| a |
Ключевые слова |
Физические методы исследования поверхности |
| 653 |
Ключевые слова |
__ |
| a |
Ключевые слова |
Коллоидная и физическая химия |
| 653 |
Ключевые слова |
__ |
| a |
Ключевые слова |
Адсорбционные процессы |
| 653 |
Ключевые слова |
__ |
| a |
Ключевые слова |
Методы исследования адсорбентов и катализаторов |
| 653 |
Ключевые слова |
__ |
| a |
Ключевые слова |
Аналитическая, физическая и коллоидная химия, физико-химические методы анализа |
| 653 |
Ключевые слова |
__ |
| a |
Ключевые слова |
Физколлоидная химия и ВМС |
| 653 |
Ключевые слова |
__ |
| a |
Ключевые слова |
Введение в органическую и физическую химию |
| 653 |
Ключевые слова |
__ |
| a |
Ключевые слова |
Физика коллоидного состояния вещества |
| 653 |
Ключевые слова |
__ |
| a |
Ключевые слова |
Химия поверхностных явлений и дисперсных систем |
| 700 |
Другие авторы |
__ |
| a |
Другие авторы |
Пак В. Н. |
| q |
Полное имя |
Пак Вячеслав Николаевич |
| 856 |
Электронный адрес документа |
40 |
| n |
Местонахождение сервера |
Юрайт |
| g |
|
Электронная книга |
| q |
Тип электронного формата |
html |
| h |
Имя пользователя |
ЮРАЙТ |
| v |
Часы доступа к ресурсу |
20271231 |
| 2 |
Способ доступа |
Показать документ |
| x |
Служебное примечание |
https://urait.ru/book/cover/4B2DF5F1-7EEA-4401-996A-415787DEBC70 |
| u |
URL |
https://urait.ru/bcode/583659 |
| 856 |
Электронный адрес документа |
48 |
| q |
Тип электронного формата |
cover |
| u |
URL |
https://urait.ru/book/cover/4B2DF5F1-7EEA-4401-996A-415787DEBC70 |
| 911 |
|
__ |
| u |
|
0030=https://urait.ru/bcode/583659 |
| 911 |
|
__ |
| u |
|
073a=9785534025026 |
| u |
|
073d=1559.00 |
| 911 |
|
__ |
| u |
|
106a=s |
| 911 |
|
__ |
| u |
|
900l= |
| 952 |
Тип литературы |
__ |
| i |
Дисциплина |
Органическая, биологическая и физколлоидная химия |
| 952 |
Тип литературы |
__ |
| i |
Дисциплина |
Коллоидная химия |
| 952 |
Тип литературы |
__ |
| i |
Дисциплина |
Физколлоидная химия |
| 952 |
Тип литературы |
__ |
| i |
Дисциплина |
Физическая и коллоидная химия |
| 952 |
Тип литературы |
__ |
| i |
Дисциплина |
Поверхностные явления и дисперсные системы |
| 952 |
Тип литературы |
__ |
| i |
Дисциплина |
Органическая и физколлоидная химия |
| 952 |
Тип литературы |
__ |
| i |
Дисциплина |
Общая химия, физическая и коллоидная химия |
| 952 |
Тип литературы |
__ |
| i |
Дисциплина |
Общая, физическая, коллоидная химия |
| 952 |
Тип литературы |
__ |
| i |
Дисциплина |
Коллоидно-дисперсное состояние в природе |
| 952 |
Тип литературы |
__ |
| i |
Дисциплина |
Коллоидно-дисперсные состояния в природе |
| 952 |
Тип литературы |
__ |
| i |
Дисциплина |
Актуальные проблемы физколлоидной химии |
| 952 |
Тип литературы |
__ |
| i |
Дисциплина |
Методика решения задач по физколлоидной химии в школьной химии |
| 952 |
Тип литературы |
__ |
| i |
Дисциплина |
Неорганическая и физколлоидная химия |
| 952 |
Тип литературы |
__ |
| i |
Дисциплина |
Химия физическая и коллоидная |
| 952 |
Тип литературы |
__ |
| i |
Дисциплина |
Коллоидная химия и химия ВМС |
| 952 |
Тип литературы |
__ |
| i |
Дисциплина |
Органическая, физическая и коллоидная химия |
| 952 |
Тип литературы |
__ |
| i |
Дисциплина |
Химия биологическая с основами физколлоидной |
| 952 |
Тип литературы |
__ |
| i |
Дисциплина |
Химия органическая, физическая и коллоидная |
| 952 |
Тип литературы |
__ |
| i |
Дисциплина |
Физическая и коллоидная химия, высокомолекулярные соединения |
| 952 |
Тип литературы |
__ |
| i |
Дисциплина |
Органическая и физическая коллоидная химия |
| 952 |
Тип литературы |
__ |
| i |
Дисциплина |
Основы физической и коллоидной химии |
| 952 |
Тип литературы |
__ |
| i |
Дисциплина |
Поверхностные явления дисперсные системы |
| 952 |
Тип литературы |
__ |
| i |
Дисциплина |
Химия красителей |
| 952 |
Тип литературы |
__ |
| i |
Дисциплина |
Адсорбция и адсорбционные процессы |
| 952 |
Тип литературы |
__ |
| i |
Дисциплина |
Химия физколлоидная |
| 952 |
Тип литературы |
__ |
| i |
Дисциплина |
Биологическая и физколлоидная химия |
| 952 |
Тип литературы |
__ |
| i |
Дисциплина |
Основы коллоидной химии |
| 952 |
Тип литературы |
__ |
| i |
Дисциплина |
Поверхностные явления в технологии дисперсных систем |
| 952 |
Тип литературы |
__ |
| i |
Дисциплина |
Химия поверхностных явлений и адсорбция |
| 952 |
Тип литературы |
__ |
| i |
Дисциплина |
Расчет адсорбции и состава поверхностного слоя |
| 952 |
Тип литературы |
__ |
| i |
Дисциплина |
Физическая химия и коллоидная химия |
| 952 |
Тип литературы |
__ |
| i |
Дисциплина |
Химия органическая и физколлоидная |
| 952 |
Тип литературы |
__ |
| i |
Дисциплина |
Основы адсорбции |
| 952 |
Тип литературы |
__ |
| i |
Дисциплина |
Дисперсные системы и поверхностные явления |
| 952 |
Тип литературы |
__ |
| i |
Дисциплина |
Адсорбция и поверхностные явления |
| 952 |
Тип литературы |
__ |
| i |
Дисциплина |
Органическая, физколлоидная химия |
| 952 |
Тип литературы |
__ |
| i |
Дисциплина |
Химия поверхности и адсорбция |
| 952 |
Тип литературы |
__ |
| i |
Дисциплина |
Коллоидная химия. Общие вопросы |
| 952 |
Тип литературы |
__ |
| i |
Дисциплина |
Коллоидная химия поверхностно-активных веществ |
| 952 |
Тип литературы |
__ |
| i |
Дисциплина |
Физические методы исследования поверхности |
| 952 |
Тип литературы |
__ |
| i |
Дисциплина |
Коллоидная и физическая химия |
| 952 |
Тип литературы |
__ |
| i |
Дисциплина |
Адсорбционные процессы |
| 952 |
Тип литературы |
__ |
| i |
Дисциплина |
Методы исследования адсорбентов и катализаторов |
| 952 |
Тип литературы |
__ |
| i |
Дисциплина |
Аналитическая, физическая и коллоидная химия, физико-химические методы анализа |
| 952 |
Тип литературы |
__ |
| i |
Дисциплина |
Физколлоидная химия и ВМС |
| 952 |
Тип литературы |
__ |
| i |
Дисциплина |
Введение в органическую и физическую химию |
| 952 |
Тип литературы |
__ |
| i |
Дисциплина |
Физика коллоидного состояния вещества |
| 952 |
Тип литературы |
__ |
| i |
Дисциплина |
Химия поверхностных явлений и дисперсных систем |